|
|
|
|
| LEADER |
00900nam a22001931a 4500 |
| 020 |
|
|
|a 9788170995098
|
| 082 |
|
|
|a 158
|b RET/S
|
| 100 |
|
|
|a Rethi Devi K
|9 137404
|
| 245 |
|
|
|a Social, familial and personality correlates of creativity/
|c by Rethi Devi K
|
| 260 |
|
|
|a New Delhi:
|b Mittal,
|c 1993.
|
| 300 |
|
|
|a 245p.
|
| 650 |
|
|
|a Personality Development
|9 137405
|
| 650 |
|
|
|a Applied Psychology
|9 137406
|
| 650 |
|
|
|a Psychology
|9 137407
|
| 942 |
|
|
|c BK
|
| 999 |
|
|
|c 42529
|d 42529
|
| 952 |
|
|
|0 0
|1 0
|4 0
|6 158_000000000000000_RET_S
|7 0
|9 61669
|a SSUS
|b SSUS
|c STACKS
|d 2015-01-08
|g 295.00
|o 158 RET/S
|p 029002
|r 2015-01-08
|v 0.00
|w 2015-01-08
|y BK
|
| 952 |
|
|
|0 0
|1 0
|4 0
|6 158_000000000000000_RET_S
|7 0
|9 61670
|a SSUS
|b SSUS
|d 2015-01-08
|g 295.00
|o 158 RET S
|p 019935
|r 2015-01-08
|v 0.00
|w 2015-01-08
|y BK
|
| 952 |
|
|
|0 0
|1 0
|4 0
|6 158_000000000000000_RET_S
|7 0
|9 61671
|a SSUS
|b SSUS
|c STACKS
|d 2018-10-10
|g 295.00
|o 158 RET/ S
|p 092106
|r 2018-10-10
|w 2018-10-10
|y BK
|